000 01100nam0a22003251 4500
001 v19\rc\1823194
005 20251118180041.6
035 _a(NLR Aleph) 004939328
090 _a5763989
_c5763989
100 _a20071224d1907 |||y0rusy50 ca
101 1 _arus
_cpol
102 _aRU
105 _ay z |||||
200 1 _aПоселянка
_eЛесная картинка
_fГенрик Сенкевич
_gС пол. Ф.В. Домбровского
210 _aСанкт-Петербург
_cВ.И. Губинский
_d[1907]
215 _a16 с.
_d19
309 _aБез тит. л.
532 1 3 _aПоселянка
700 1 _6z01790
_aСенкевич
_bГ.
_f1846-1916
_gГенрик
702 1 _aДомбровский
_bФ. В.
_f1851-1909
_gФранц Викентьевич
_4730
790 1 _6z01700
_aСенкевич
_bГ.
_f1846-1916
_gГенрих
801 0 _aRU
_bNLR
_gpsbo
801 0 _aRU
_bRuMoRGB
_2psbo
801 1 _aRU
_bProSoft-M
_2rusmarc
852 _aNLR
_j34.52.7.616
899 _aRuMoRGB
_jA 210/496
899 _aБАН
942 _cBOOK
980 _aNB